[Event "SR 4. liga A21 2011/2012"]
[Site "?"]
[Date "2012.01.29"]
[Round "8.2"]
[White "Podjavorinsky, Peter"]
[Black "Orvisky, Vladimir"]
[Result "1/2-1/2"]
[WhiteElo "1733"]
[BlackElo "1838"]
[PlyCount "39"]
[EventDate "2011.??.??"]

1. e4 Nf6 2. Nc3 e5 3. Nf3 Nc6 4. Bc4 Be7 5. O-O O-O 6. d4 exd4 7. Nxd4 Ne5 8.
Bb3 d6 9. f4 Ng6 10. Qd3 Re8 11. Nf3 h6 12. e5 Nxe5 13. fxe5 dxe5 14. Qxd8 Bxd8
15. h3 c6 16. Be3 Be7 17. Rae1 b5 18. a3 a5 19. Nd2 Be6 20. Bxh6 1/2-1/2

[Event "SR 4. liga A21 2011/2012"]
[Site "?"]
[Date "2012.01.29"]
[Round "8.2"]
[White "Sedlak, Rastislav"]
[Black "Tomasovic, Martin"]
[Result "1-0"]
[WhiteElo "1610"]
[BlackElo "1490"]
[PlyCount "61"]
[EventDate "2011.??.??"]

1. e4 e5 2. Nf3 Nc6 3. Bc4 Bc5 4. O-O Nf6 5. Nc3 d6 6. h3 Be6 7. Bb5 Qd7 8. d3
h6 9. Na4 Bb6 10. Nxb6 axb6 11. a3 O-O 12. Kh2 Ra5 13. c4 Rxb5 14. cxb5 Na5 15.
b4 Nb3 16. Rb1 Nxc1 17. Qxc1 Nh5 18. d4 Nf4 19. dxe5 Nd3 20. Qe3 dxe5 21. Rfd1
Bc4 22. Nxe5 Qd6 23. f4 Rd8 24. Nxc4 Qd7 25. Rb3 Qxb5 26. Rbxd3 Rf8 27. Ne5 f6
28. Ng6 Re8 29. Rd8 Kh7 30. Rxe8 Qxe8 31. f5 1-0

[Event "SR 4. liga A21 2011/2012"]
[Site "?"]
[Date "2012.01.29"]
[Round "8.3"]
[White "Berger, Patrik"]
[Black "Sadlon, Juraj"]
[Result "1-0"]
[WhiteElo "1731"]
[BlackElo "1860"]
[PlyCount "143"]
[EventDate "2011.??.??"]

1. e4 e5 2. Nf3 Nc6 3. Bb5 a6 4. Ba4 b5 5. Bb3 d6 6. c3 Na5 7. Bc2 c5 8. h3 Bb7
9. d4 Qc7 10. d5 Nc4 11. O-O Be7 12. a4 Nb6 13. b3 Nf6 14. Nbd2 O-O 15. Qe2
bxa4 16. bxa4 a5 17. Bd3 Bc8 18. Bb5 Bd7 19. c4 Bxb5 20. axb5 a4 21. Nb1 Ra7
22. Nc3 Rfa8 23. Ra3 Ne8 24. Be3 Qd7 25. Nd2 f5 26. f4 exf4 27. Bxf4 Bf6 28. e5
dxe5 29. Bxe5 Bg5 30. Nf3 Bf6 31. Bxf6 Nxf6 32. Ne5 Qe8 33. Nc6 Qxe2 34. Nxe2
Nxc4 35. Rc3 Nd2 36. Nxa7 Nxf1 37. b6 Nxd5 38. b7 Rb8 39. Rxc5 Rxb7 40. Rxd5
Ne3 41. Ra5 Rb4 42. Nb5 Nc4 43. Ra8+ Kf7 44. Nec3 Nb2 45. Kf2 Nd3+ 46. Ke3 Nc5
47. Ra7+ Kg6 48. g3 Rb3 49. Kd4 Ne4 50. Nxe4 fxe4 51. Nc3 a3 52. Nxe4 Rf3 53.
Ra5 h6 54. h4 Rb3 55. Nc3 Rb4+ 56. Kd3 Rb3 57. Kc4 Rb2 58. Rxa3 Kf5 59. Kd4 Kg4
60. Ne4 Rb5 61. Nf2+ Kh5 62. Ke3 g6 63. Kf3 Rf5+ 64. Kg2 Re5 65. Kh3 g5 66. g4+
Kg6 67. h5+ Kg7 68. Kg3 Re6 69. Ra7+ Kf6 70. Kf3 Ke5 71. Rg7 Rf6+ 72. Ke3 1-0

[Event "SR 4. liga A21 2011/2012"]
[Site "?"]
[Date "2012.01.29"]
[Round "8.3"]
[White "Galik, Martin"]
[Black "Harasta, Marian"]
[Result "1/2-1/2"]
[WhiteElo "1394"]
[BlackElo "1639"]
[PlyCount "130"]
[EventDate "2011.??.??"]

1. e4 c5 2. Nf3 Nc6 3. Nc3 e5 4. Bc4 Nf6 5. d3 d6 6. O-O Be7 7. Be3 Bg4 8. h3
Bh5 9. Qe2 O-O 10. Nd5 Nd4 11. Bxd4 cxd4 12. c3 dxc3 13. bxc3 a6 14. Rab1 Rb8
15. Qe3 Bxf3 16. Qxf3 b5 17. Bb3 a5 18. a3 Qd7 19. Rb2 Rfc8 20. Rc1 b4 21. axb4
axb4 22. Bc4 bxc3 23. Rxb8 Rxb8 24. Nxc3 Bd8 25. Rb1 Rb6 26. Qd1 Qa7 27. Nd5
Nxd5 28. Bxd5 Rxb1 29. Qxb1 Bb6 30. Qe1 h6 31. Qe2 Qa1+ 32. Kh2 Qd4 33. Qf3
Qxf2 34. Bxf7+ Kf8 35. Bd5+ Qxf3 36. gxf3 Be3 37. Kg3 Ke7 38. h4 Kf6 39. Kg4
Bf4 40. h5 g6 41. hxg6 Kxg6 42. Kh4 Bg5+ 43. Kg3 h5 44. Be6 Bd8 45. Kh3 Kg5 46.
Kg3 h4+ 47. Kf2 Bb6+ 48. Kg2 Kf4 49. Bc4 Ba5 50. Bb5 Be1 51. Bc4 Ke3 52. Bb5
Kd4 53. Bc4 Bg3 54. Ba6 d5 55. exd5 Kxd5 56. Bc4+ Kd4 57. Ba6 Ke3 58. Bb5 Be1
59. Ba6 Kf4 60. Bb5 Bf2 61. Kxf2 h3 62. Kg1 Kxf3 63. Kh2 Ke3 64. Kxh3 e4 65.
dxe4 Kxe4 1/2-1/2

[Event "SR 4. liga A21 2011/2012"]
[Site "?"]
[Date "2012.01.29"]
[Round "8.3"]
[White "Jarabek, Milan"]
[Black "Brath, Zdeno"]
[Result "1-0"]
[WhiteElo "1552"]
[BlackElo "1450"]
[PlyCount "139"]
[EventDate "2011.??.??"]

1. e4 e5 2. Nf3 Nc6 3. Bb5 d6 4. O-O Bd7 5. c3 a6 6. Ba4 Nf6 7. Re1 Be7 8. d4
O-O 9. d5 Na5 10. Bc2 c6 11. dxc6 bxc6 12. Nbd2 Be6 13. Nf1 c5 14. b3 Qc7 15.
Bg5 h6 16. Bxf6 Bxf6 17. Ne3 Be7 18. Nd5 Qb7 19. Ne3 Rad8 20. c4 Nc6 21. Qd3
Nd4 22. Nd5 Bg4 23. Bd1 Nxf3+ 24. Bxf3 Bxf3 25. Qxf3 Rd7 26. Rad1 Bd8 27. Rd3
f5 28. exf5 Rdf7 29. Qe4 Qd7 30. Red1 Rxf5 31. f3 Qf7 32. Ne3 Rf4 33. Qd5 Rd4
34. Qxf7+ Rxf7 35. Nc2 Rxd3 36. Rxd3 Be7 37. Ne3 Bf8 38. Ng4 Rf4 39. Nf2 Rd4
40. Kf1 a5 41. Ke2 a4 42. Rxd4 exd4 43. bxa4 Be7 44. a5 Bd8 45. a6 Bb6 46. Ne4
d5 47. cxd5 c4 48. Nd6 d3+ 49. Kd1 c3 50. Nc4 Bd4 51. Na3 c2+ 52. Nxc2 dxc2+
53. Kxc2 Kf8 54. Kd3 Ba7 55. Ke4 Ke7 56. g4 Kd6 57. h4 Kc7 58. Kf5 Bd4 59. g5
h5 60. Kg6 Kb6 61. Kxh5 Kxa6 62. Kg6 Kb6 63. f4 Kc5 64. f5 Kxd5 65. f6 gxf6 66.
gxf6 Ke6 67. f7 Ke7 68. h5 Kf8 69. h6 Be5 70. h7 1-0

[Event "SR 4. liga A21 2011/2012"]
[Site "?"]
[Date "2012.01.29"]
[Round "8.3"]
[White "Pericka, Tomas"]
[Black "Brisudova, Veronika"]
[Result "1/2-1/2"]
[WhiteElo "2008"]
[BlackElo "1864"]
[PlyCount "110"]
[EventDate "2011.??.??"]

1. e4 c5 2. Nf3 d6 3. c3 Nf6 4. Bd3 e6 5. O-O Be7 6. Bc2 O-O 7. d4 Nbd7 8. Nbd2
Re8 9. e5 Nd5 10. Ne4 dxe5 11. dxe5 Nf8 12. a3 Ng6 13. g3 Qc7 14. c4 Nb6 15.
Nd6 Rd8 16. Bxg6 hxg6 17. Qc2 Bxd6 18. exd6 Qxd6 19. Bf4 Qe7 20. Rad1 Rxd1 21.
Rxd1 Nd7 22. Bd6 Qf6 23. Kg2 Qf5 24. Qd2 b6 25. Bf4 Bb7 26. Qxd7 Bxf3+ 27. Kxf3
g5 28. Qb7 Rf8 29. Qe4 Qxe4+ 30. Kxe4 gxf4 31. Kxf4 f6 32. Rd7 Rf7 33. Rd8+ Kh7
34. h4 Re7 35. g4 g6 36. Ke4 Kg7 37. f4 f5+ 38. Kf3 fxg4+ 39. Kxg4 e5 40. fxe5
Rxe5 41. Rd7+ Kh6 42. Kf4 Rf5+ 43. Ke4 Rf2 44. b4 cxb4 45. axb4 a5 46. b5 Rh2
47. Rd4 Rxh4+ 48. Kd5 Rxd4+ 49. Kxd4 g5 50. c5 bxc5+ 51. Kxc5 g4 52. Kd4 a4 53.
b6 g3 54. Ke3 a3 55. b7 g2 1/2-1/2

[Event "SR 4. liga A21 2011/2012"]
[Site "?"]
[Date "2012.01.29"]
[Round "8.3"]
[White "Sadlon, Matus"]
[Black "Harasta, Juraj"]
[Result "1/2-1/2"]
[WhiteElo "1608"]
[BlackElo "1719"]
[PlyCount "120"]
[EventDate "2011.??.??"]

1. e4 e5 2. Nf3 Nc6 3. Bc4 Bc5 4. c3 Nf6 5. d3 d6 6. O-O O-O 7. h3 Bd7 8. Nbd2
Na5 9. b4 Nxc4 10. Nxc4 Bb6 11. Nxb6 axb6 12. Re1 h6 13. a4 Ra7 14. Re2 Qe7 15.
Be3 Rfa8 16. Rea2 Qe8 17. a5 Be6 18. Ra3 Qb5 19. Ne1 Ra6 20. Qa4 Qxa4 21. Rxa4
Ne8 22. R4a3 d5 23. Nc2 bxa5 24. Rxa5 Rxa5 25. Rxa5 Rxa5 26. bxa5 dxe4 27. dxe4
Nd6 28. f3 Nc4 29. Ba7 Nxa5 30. Bb8 c5 31. Bxe5 b5 32. Bc7 Nb7 33. Bf4 Kf8 34.
Kf2 Ke7 35. Bd2 Kd6 36. Bf4+ Kc6 37. Bd2 Kb6 38. Ne3 Ka5 39. c4+ b4 40. Nd5 Ka4
41. Ke3 Kb3 42. Kd3 Kb2 43. Nxb4 cxb4 44. Bxb4 Kb3 45. Bf8 Bxc4+ 46. Ke3 g6 47.
Bxh6 Nc5 48. g4 Ne6 49. h4 Kc3 50. f4 Bd3 51. f5 Nc5 52. fxg6 fxg6 53. Bg7+ Kc4
54. e5 Ne6 55. Bf6 Bc2 56. h5 g5 57. h6 Kd5 58. Kd2 Bb1 59. Ke3 Kc6 60. Kd2 Kd5
1/2-1/2

[Event "SR 4. liga A21 2011/2012"]
[Site "?"]
[Date "2012.01.29"]
[Round "8.4"]
[White "Blanarik, Dominik"]
[Black "Dest, Stanislav"]
[Result "1/2-1/2"]
[WhiteElo "1552"]
[BlackElo "1000"]
[PlyCount "80"]
[EventDate "2011.??.??"]

1. e4 e5 2. Nf3 d6 3. Nc3 Nf6 4. d4 exd4 5. Qxd4 Nc6 6. Bb5 Bd7 7. Qc4 Be7 8.
Bg5 O-O 9. O-O-O a6 10. Bxc6 bxc6 11. Rhe1 Qc8 12. e5 Nd5 13. Nxd5 Bxg5+ 14.
Nxg5 cxd5 15. Qxd5 Be6 16. Qe4 Bf5 17. Qc4 Qb7 18. f3 h6 19. Ne4 Be6 20. Qa4
Rfb8 21. b3 Rd8 22. exd6 cxd6 23. Rxd6 Rxd6 24. Nxd6 Qc7 25. Qe4 Rd8 26. Nf5
Bxf5 27. Qxf5 Qc3 28. Qe5 Qd2+ 29. Kb2 Rc8 30. Qe4 Qxg2 31. Re2 Qg1 32. Qb7
Qd4+ 33. Kb1 Qd1+ 34. Kb2 Qd4+ 35. Ka3 Qd6+ 36. b4 Rb8 37. Qe4 a5 38. c3 Qa6
39. Kb3 axb4 40. cxb4 Ra8 1/2-1/2

[Event "SR 4. liga A21 2011/2012"]
[Site "?"]
[Date "2012.01.29"]
[Round "8.4"]
[White "Damborsky, Pavol"]
[Black "Tokos, Rastislav"]
[Result "1-0"]
[WhiteElo "1769"]
[BlackElo "1883"]
[PlyCount "103"]
[EventDate "2011.??.??"]

1. c4 Nf6 2. Nc3 e5 3. d3 c6 4. Nf3 Qc7 5. e4 Be7 6. Be2 h6 7. h3 d6 8. b3 Be6
9. Bb2 Nbd7 10. Rc1 Nh7 11. O-O Ng5 12. Nxg5 hxg5 13. Bg4 Bxg4 14. Qxg4 O-O-O
15. Nd5 cxd5 16. cxd5 Rdf8 17. Rxc7+ Kxc7 18. Rc1+ Kd8 19. Qe2 Ke8 20. Qc2 Bd8
21. Ba3 Ke7 22. Qc8 Bb6 23. Qc2 f5 24. Qe2 fxe4 25. Rf1 Rf4 26. Bc1 exd3 27.
Qxd3 e4 28. Qg3 Rf5 29. Bxg5+ Ke8 30. Bd2 Rhf8 31. Qg6+ R8f7 32. Be1 e3 33.
Qe6+ Kd8 34. Kh2 exf2 35. Bc3 Bc5 36. g3 g6 37. Kg2 Nf8 38. Qe2 Kc7 39. Qc2 b6
40. b4 Nd7 41. bxc5 dxc5 42. Qa4 Kb7 43. Qc6+ Ka6 44. Qxg6 c4 45. a4 Nc5 46. a5
Ne4 47. Bb4 R7f6 48. Qe8 Nc5 49. Bxc5 bxc5 50. d6 Rf8 51. Qc6+ Kxa5 52. Qb7 1-0

[Event "SR 4. liga A21 2011/2012"]
[Site "?"]
[Date "2012.01.29"]
[Round "8.4"]
[White "Huska, Branislav"]
[Black "Dubecky, Ladislav"]
[Result "1-0"]
[WhiteElo "1548"]
[BlackElo "1574"]
[PlyCount "73"]
[EventDate "2011.??.??"]

1. e4 e5 2. Nc3 Nf6 3. f4 exf4 4. e5 Qe7 5. Qe2 Ng8 6. Nf3 c6 7. d4 d5 8. Bxf4
Bg4 9. h3 Bxf3 10. Qxf3 Qb4 11. O-O-O Na6 12. Be2 Ne7 13. Rhf1 h6 14. Be3 O-O-O
15. Qxf7 Nc7 16. Qh5 a5 17. Rf7 a4 18. a3 Qa5 19. Nb1 Kb8 20. Bd2 Qb6 21. Bb4
Nc8 22. Bxf8 Rdxf8 23. Rxg7 Ne6 24. Rg4 Nf4 25. Rxf4 Rxf4 26. Nc3 Rxd4 27. Rf1
Qc7 28. e6 Qe7 29. Qe5+ Ka8 30. Qxh8 Qxe6 31. Qxd4 b5 32. Qf6 Qe3+ 33. Kb1 Ne7
34. Qf8+ Kb7 35. Rf7 Qd2 36. Qxe7+ Kb6 37. Qa7# 1-0

[Event "SR 4. liga A21 2011/2012"]
[Site "?"]
[Date "2012.01.29"]
[Round "8.4"]
[White "Kovarik, Oto"]
[Black "Lanik, Miroslav"]
[Result "0-1"]
[WhiteElo "2018"]
[BlackElo "1936"]
[PlyCount "114"]
[EventDate "2011.??.??"]

1. e4 c5 2. Nf3 d6 3. d4 cxd4 4. Nxd4 Nf6 5. Nc3 a6 6. Be2 e6 7. O-O Be7 8. Be3
Qc7 9. a4 O-O 10. f3 Nc6 11. Qd2 Bd7 12. Rfc1 Rac8 13. Nxc6 Bxc6 14. a5 Nd7 15.
Na4 Bxa4 16. Rxa4 Ne5 17. f4 Nc6 18. Raa1 Bf6 19. Bb6 Qb8 20. c4 Bd8 21. Be3
Bc7 22. b4 Ne7 23. b5 Rce8 24. Rab1 Qd8 25. b6 Bb8 26. Bf3 Nc6 27. g3 f6 28.
Rd1 Qe7 29. Rbc1 Rd8 30. Qa2 Kh8 31. c5 dxc5 32. Bxc5 Bd6 33. Rxd6 Rxd6 34. e5
fxe5 35. Bxc6 Rd1+ 36. Rxd1 Qxc5+ 37. Kh1 Qxc6+ 38. Qg2 e4 39. Re1 Rd8 40. Qxe4
Rd1 41. Kg1 Qxe4 42. Rxd1 h6 43. Rd7 Qb1+ 44. Kg2 Qa2+ 45. Kh3 Qxa5 46. Rxb7
Qf5+ 47. g4 Qxf4 48. Rc7 Qe3+ 49. Kh4 Qxb6 50. Rf7 a5 51. h3 a4 52. g5 hxg5+
53. Kxg5 Qe3+ 54. Kg4 a3 55. h4 a2 56. Kh5 Qh6+ 57. Kg4 a1=Q 0-1

[Event "SR 4. liga A21 2011/2012"]
[Site "?"]
[Date "2012.01.29"]
[Round "8.4"]
[White "Palka, Martin"]
[Black "Cerovsky, Marian"]
[Result "1/2-1/2"]
[WhiteElo "1876"]
[BlackElo "1733"]
[PlyCount "57"]
[EventDate "2011.??.??"]

1. e4 e6 2. d4 d5 3. Nd2 c6 4. Ngf3 Nd7 5. Bd3 dxe4 6. Nxe4 Ngf6 7. Qe2 Nxe4 8.
Bxe4 Nf6 9. Bd3 h6 10. O-O Bd6 11. c3 b6 12. Ne5 Qc7 13. f4 Bb7 14. Nc4 O-O-O
15. Nxd6+ Qxd6 16. Rd1 Nd5 17. Qf2 g6 18. Be3 h5 19. Be2 Nxe3 20. Qxe3 h4 21.
Bf3 Rdg8 22. c4 g5 23. fxg5 Qe7 24. d5 cxd5 25. cxd5 Qxg5 26. Qa3 Kb8 27. Qe7
Ka8 28. Rac1 Rd8 29. Qa3 1/2-1/2

[Event "SR 4. liga A21 2011/2012"]
[Site "?"]
[Date "2012.01.29"]
[Round "8.5"]
[White "Capanda, Jan"]
[Black "Pipiska, Adam"]
[Result "1-0"]
[WhiteElo "1000"]
[BlackElo "1299"]
[PlyCount "69"]
[EventDate "2011.??.??"]

1. e4 e5 2. Nf3 Nc6 3. Bc4 Nf6 4. d3 Bc5 5. Nc3 O-O 6. h3 d6 7. Bg5 Be6 8. Nd5
Bxd5 9. Bxd5 Nb4 10. Bc4 c6 11. a3 Na6 12. O-O b5 13. Ba2 h6 14. Bh4 Qe7 15.
Nh2 g5 16. Bg3 Kh7 17. Kh1 Nc7 18. c3 d5 19. exd5 cxd5 20. Re1 Nd7 21. Qe2 Rae8
22. b4 Bd6 23. Bxd5 Nxd5 24. Qe4+ f5 25. Qxd5 a6 26. f4 gxf4 27. Bxf4 Rg8 28.
Ra2 Qe6 29. Qxe6 Rxe6 30. Nf3 Rge8 31. Rae2 Kg7 32. Nh4 Kf7 33. Nxf5 Rf6 34. g4
Bb8 35. Bxh6 1-0

[Event "SR 4. liga A21 2011/2012"]
[Site "?"]
[Date "2012.01.29"]
[Round "8.5"]
[White "Celustkova, Lubica"]
[Black "Lezovic, Martin"]
[Result "0-1"]
[WhiteElo "1430"]
[BlackElo "1658"]
[PlyCount "134"]
[EventDate "2011.??.??"]

1. e4 e5 2. Nf3 Nc6 3. Bb5 d6 4. c3 Nf6 5. d3 Be7 6. O-O O-O 7. h3 h6 8. Re1
Nh7 9. d4 Bg5 10. Bxc6 bxc6 11. dxe5 Bxc1 12. Qxc1 dxe5 13. Nxe5 Qf6 14. Nf3
Bxh3 15. Kh2 Bg4 16. Nbd2 Ng5 17. Re3 Bxf3 18. Nxf3 Nxf3+ 19. Rxf3 Qh4+ 20. Kg1
Qxe4 21. Re3 Qd5 22. Qc2 Rfe8 23. c4 Qc5 24. Rae1 Kf8 25. Rxe8+ Rxe8 26. Rxe8+
Kxe8 27. Qe4+ Kf8 28. b3 Qd6 29. Qf5 c5 30. Qc8+ Ke7 31. Qb7 a6 32. Qe4+ Qe6
33. Qb7 Kd7 34. Qf3 g6 35. Qd3+ Ke7 36. Qg3 Kd7 37. Qd3+ Ke8 38. Qg3 Qe1+ 39.
Kh2 Qe7 40. Kg1 Kf8 41. Qf3 Kg7 42. Qc3+ Qf6 43. Qa5 Qd6 44. Qc3+ f6 45. Qc2
Qd4 46. Qc1 h5 47. Qe1 Kf7 48. Qc1 g5 49. Qb1 Kg7 50. Qe1 Qd6 51. Qe2 Qe5 52.
Qd1 Kg6 53. Qd3+ f5 54. Qd8 h4 55. Qd2 Qd4 56. Qe1 Kf6 57. Qf1 g4 58. Kh1 g3
59. f3 Kg5 60. Qc1+ f4 61. Qe1 Qe3 62. Qd1 Qd4 63. Qe1 Kf6 64. Qc1 c6 65. a3 h3
66. Qf1 Qb2 67. b4 Qxg2+ 0-1

[Event "SR 4. liga A21 2011/2012"]
[Site "?"]
[Date "2012.01.29"]
[Round "8.5"]
[White "Mackovic, Matus"]
[Black "Nemeckay, Rastislav"]
[Result "1/2-1/2"]
[WhiteElo "1873"]
[BlackElo "1808"]
[PlyCount "87"]
[EventDate "2011.??.??"]

1. e4 e5 2. Nf3 Nc6 3. Bb5 a6 4. Ba4 Nf6 5. O-O b5 6. Bb3 Be7 7. Re1 d6 8. c3
O-O 9. h3 Na5 10. Bc2 c5 11. d4 Qc7 12. Nbd2 Bd7 13. d5 c4 14. Nf1 Rfb8 15. a3
Nb7 16. Ng3 g6 17. Nh2 Bf8 18. f4 exf4 19. Bxf4 Re8 20. Qd4 Qc5 21. Nf3 Qxd4+
22. Nxd4 h6 23. Rad1 Rac8 24. Rf1 Nh7 25. Rf2 Bg7 26. Rdf1 Rf8 27. Re2 Rfe8 28.
Rfe1 g5 29. Bc1 Nf8 30. Ngf5 Ng6 31. h4 f6 32. h5 Ne5 33. Rf1 Bxf5 34. Nxf5
Rcd8 35. Ref2 Ng4 36. Re2 Nc5 37. g3 Ne5 38. Be3 Ncd3 39. Bb1 Rd7 40. Bd4 Rf8
41. Bxe5 Nxe5 42. Nd4 Rb8 43. Ref2 Ng4 44. Re2 1/2-1/2

[Event "SR 4. liga A21 2011/2012"]
[Site "?"]
[Date "2012.01.29"]
[Round "8.5"]
[White "Nemeckay, Dominik"]
[Black "Bango, Lukas"]
[Result "1-0"]
[WhiteElo "1372"]
[BlackElo "1364"]
[PlyCount "153"]
[EventDate "2011.??.??"]

1. e4 e6 2. d4 d5 3. e5 c5 4. c3 Nc6 5. Nf3 cxd4 6. cxd4 Bb4+ 7. Nc3 Nge7 8.
Be3 Nf5 9. Bd3 Nxe3 10. fxe3 O-O 11. O-O Be7 12. Ne2 f6 13. exf6 Bxf6 14. Ng3
Bd7 15. Nh5 Bg5 16. Nxg5 Qxg5 17. Qe2 Nb4 18. Nf4 Nxd3 19. Nxd3 Bb5 20. Qd2
Rxf1+ 21. Rxf1 Qg6 22. Ne5 Qg5 23. Rf7 Rf8 24. Rxf8+ Kxf8 25. Qb4+ Kg8 26. Qxb5
Qxe3+ 27. Kf1 Qc1+ 28. Kf2 Qd2+ 29. Qe2 Qxd4+ 30. Kf1 Qf4+ 31. Nf3 Qc1+ 32. Ne1
Qf4+ 33. Kg1 e5 34. Qd3 Kf8 35. Qf1 Qxf1+ 36. Kxf1 Ke7 37. Ke2 Kd6 38. Kd3 Kc5
39. Nc2 b5 40. b4+ Kd6 41. a3 a6 42. Ne3 Ke6 43. Ke2 d4 44. Nf1 e4 45. Ng3 Ke5
46. Nh5 g6 47. Ng7 Kd5 48. Ne8 Kc4 49. Nc7 Kb3 50. Nxa6 Kxa3 51. Nc5 Kxb4 52.
Nxe4 Kc4 53. Kd2 b4 54. Kc2 d3+ 55. Kd2 b3 56. Nc3 h6 57. Na4 Kb4 58. Nb2 Ka3
59. Nxd3 b2 60. Kc2 b1=Q+ 61. Kxb1 Kb3 62. Ne5 Kc3 63. Kc1 Kd4 64. Nxg6 Ke3 65.
Kd1 Kf2 66. Nf4 Ke3 67. Nh3 h5 68. Ke1 h4 69. Kf1 Ke4 70. Kf2 Kf5 71. g3 Kf6
72. Kf3 Kg6 73. g4 Kh6 74. Kf4 Kg6 75. g5 Kh5 76. Kf3 Kg6 77. Kg4 1-0

[Event "SR 4. liga A21 2011/2012"]
[Site "?"]
[Date "2012.01.29"]
[Round "8.5"]
[White "Rau, Vladimir"]
[Black "Ocko, Martin"]
[Result "0-1"]
[WhiteElo "1643"]
[BlackElo "1524"]
[PlyCount "122"]
[EventDate "2011.??.??"]

1. d4 Nf6 2. c4 g6 3. Nc3 Bg7 4. Nf3 d6 5. Bg5 O-O 6. e3 Nbd7 7. Be2 c5 8. O-O
h6 9. Bxf6 Bxf6 10. Rc1 a6 11. Ne4 Bg7 12. Qc2 Qb6 13. Rfd1 Nf6 14. b3 a5 15.
Rb1 Nxe4 16. Qxe4 Bf5 17. Qxe7 Bxb1 18. Rxb1 Rfe8 19. dxc5 dxc5 20. Qh4 Rad8
21. Bd1 Qd6 22. Bc2 b6 23. h3 Qf6 24. Qxf6 Bxf6 25. Kf1 Rd6 26. Ke2 Red8 27.
Be4 g5 28. Bd5 Rb8 29. Rd1 Rdd8 30. Nd2 Kg7 31. Ne4 h5 32. a4 h4 33. Rf1 Rbc8
34. f4 g4 35. hxg4 Rh8 36. g5 Be7 37. f5 f6 38. Rf3 Rcf8 39. g6 Rh6 40. Nd2
Rfh8 41. Rh3 Rh5 42. e4 Rg5 43. Kf2 Bd6 44. Nf1 Be5 45. Nh2 Bxh2 46. Rxh2 Rg3
47. Rh3 Rxh3 48. gxh3 Rh5 49. e5 fxe5 50. Bf3 Rxf5 51. Ke3 Rg5 52. Bg4 Kxg6 53.
Ke4 Rxg4+ 54. hxg4 Kg5 55. Kf3 h3 56. Kg3 h2 57. Kxh2 Kxg4 58. Kg2 Kf4 59. Kf2
Ke4 60. Ke2 Kd4 61. Kd2 e4 0-1

[Event "SR 4. liga A21 2011/2012"]
[Site "?"]
[Date "2012.01.29"]
[Round "8.6"]
[White "Bjel, Tomas"]
[Black "Baumgartner, Milan"]
[Result "1/2-1/2"]
[WhiteElo "1674"]
[BlackElo "1592"]
[PlyCount "83"]
[EventDate "2011.??.??"]

1. e4 e5 2. Nf3 Nc6 3. Bc4 Bc5 4. c3 d6 5. d4 exd4 6. cxd4 Bb4+ 7. Bd2 Bg4 8.
d5 Bxd2+ 9. Nbxd2 Ne5 10. Be2 Bxf3 11. Nxf3 Nxf3+ 12. Bxf3 Nf6 13. Rc1 O-O 14.
Qb3 Re8 15. O-O b6 16. Rfe1 a5 17. Qc2 Ra7 18. Qc3 Nd7 19. g3 Ne5 20. Bg2 h6
21. f4 Nd7 22. e5 Nc5 23. e6 Kf8 24. f5 Qg5 25. Rf1 Ke7 26. Rce1 Qf6 27. Bf3
Qxc3 28. bxc3 f6 29. Bh5 Rd8 30. Rf4 Nd3 31. Rg4 g5 32. Re3 Ne5 33. Rge4 b5 34.
a4 Rb8 35. Bd1 c6 36. dxc6 Nxc6 37. axb5 Rxb5 38. Ba4 Rb1+ 39. Kf2 Ne5 40. Rd4
Rb2+ 41. Re2 Rxe2+ 42. Kxe2 1/2-1/2

[Event "SR 4. liga A21 2011/2012"]
[Site "?"]
[Date "2012.01.29"]
[Round "8.6"]
[White "Davidik, Miroslav"]
[Black "Bjel, Lubos"]
[Result "0-1"]
[WhiteElo "1467"]
[BlackElo "1671"]
[PlyCount "58"]
[EventDate "2011.??.??"]

1. e4 e6 2. f4 d5 3. e5 c5 4. c3 Nc6 5. Nf3 Qb6 6. c4 Bd7 7. d3 Nge7 8. Be2 Nf5
9. Nc3 d4 10. Ne4 Be7 11. g3 O-O 12. Kf2 f6 13. exf6 Bxf6 14. Nxf6+ Rxf6 15.
Re1 e5 16. Kg1 exf4 17. Bxf4 Ne3 18. Qc1 Bg4 19. a3 Na5 20. Bxe3 Bxf3 21. Bf4
Bxe2 22. Rxe2 Nb3 23. Qe1 Nxa1 24. Qxa1 Re6 25. Qe1 Rae8 26. Rxe6 Rxe6 27. Qd2
Qc6 28. Qf2 Qe8 29. Kf1 Rf6 0-1

[Event "SR 4. liga A21 2011/2012"]
[Site "?"]
[Date "2012.01.29"]
[Round "8.6"]
[White "Smrek, Peter"]
[Black "Hrubsa, Marian"]
[Result "0-1"]
[WhiteElo "1892"]
[BlackElo "1929"]
[PlyCount "78"]
[EventDate "2011.??.??"]

1. e4 e6 2. d4 d5 3. exd5 exd5 4. Nf3 Nf6 5. h3 Bd6 6. Bd3 O-O 7. O-O Be6 8.
Ng5 h6 9. Nxe6 fxe6 10. f4 Nbd7 11. Nd2 c5 12. c3 cxd4 13. cxd4 Qb6 14. Nb3 e5
15. fxe5 Nxe5 16. Bf5 Rae8 17. Kh1 Nc4 18. Rf3 Ne4 19. Qd3 Ng3+ 20. Rxg3 Bxg3
21. Qxg3 Rxf5 22. Bf4 Qf6 23. Be5 Nxe5 24. dxe5 Rexe5 25. Nd4 Rf1+ 26. Rxf1
Qxf1+ 27. Kh2 Re1 28. Qb8+ Kh7 29. Nf3 Re2 30. Qg3 Rxb2 31. Ne5 Qf6 32. Qd3+
Kg8 33. Qxd5+ Kh7 34. Nd3 Rb6 35. Qe4+ Qg6 36. Qf3 Qd6+ 37. g3 Qg6 38. h4 Rd6
39. Ne5 Rd2+ 0-1

[Event "SR 4. liga A21 2011/2012"]
[Site "?"]
[Date "2012.01.29"]
[Round "8.6"]
[White "Vepy, Ivan"]
[Black "Lajda, Dusan"]
[Result "1-0"]
[WhiteElo "1948"]
[BlackElo "1841"]
[PlyCount "73"]
[EventDate "2011.??.??"]

1. e4 c5 2. Nf3 Nc6 3. Nc3 d6 4. a3 Nf6 5. h3 g6 6. Bc4 Bg7 7. d3 O-O 8. Bg5 a6
9. Qd2 Bd7 10. Bh6 b5 11. Bxg7 Kxg7 12. Ba2 e6 13. O-O Qc7 14. Ne2 a5 15. Ng3
b4 16. a4 d5 17. Qg5 h6 18. Qe3 d4 19. Qe2 Ne5 20. Nxe5 Qxe5 21. f4 Qc7 22. Bc4
Ne8 23. e5 Bc6 24. b3 Kh7 25. Rae1 Ng7 26. Qg4 Rg8 27. Ne4 Bxe4 28. dxe4 Raf8
29. Rf3 Qd8 30. Ref1 h5 31. Qg3 h4 32. Qg4 Nh5 33. f5 Ng3 34. f6 Nh5 35. Qxh4
Rh8 36. g4 Rfg8 37. gxh5 1-0

[Event "SR 4. liga A21 2011/2012"]
[Site "?"]
[Date "2012.01.29"]
[Round "8.6"]
[White "Vogl, Zdenek"]
[Black "Krchnak, Rudolf"]
[Result "1/2-1/2"]
[WhiteElo "1928"]
[BlackElo "1878"]
[PlyCount "120"]
[EventDate "2011.??.??"]

1. e4 d6 2. d4 Nf6 3. Nc3 c6 4. h3 Nbd7 5. Nf3 e6 6. Bg5 Be7 7. Bd3 e5 8. dxe5
dxe5 9. Qe2 Qa5 10. O-O O-O 11. Nh4 Nc5 12. Rad1 Nxd3 13. Rxd3 Be6 14. Rg3 Rfd8
15. Qf3 Kh8 16. Nf5 Bxf5 17. Qxf5 Qc5 18. Be3 Qd6 19. f4 exf4 20. Bxf4 Qe6 21.
Qg5 Ne8 22. Qh5 Nf6 23. Qf3 Bd6 24. Bxd6 Rxd6 25. Rg5 Rd7 26. Qg3 Rg8 27. Re5
Qc4 28. Ref5 Qd4+ 29. Kh2 Re7 30. Rd1 Qb6 31. e5 Nd5 32. Nxd5 cxd5 33. Rxd5
Qxb2 34. Qf3 Qxc2 35. Rxf7 Rxf7 36. Qxf7 Qe4 37. Rc5 h6 38. e6 Qd4 39. Qf5 Qd8
40. Rd5 Qc7+ 41. Re5 Qe7 42. Qf7 Qf6 43. Rf5 Qxf7 44. Rxf7 Rb8 45. Rd7 Kg8 46.
e7 Re8 47. Rxb7 a6 48. Ra7 Kf7 49. Rxa6 Kxe7 50. a4 Rc8 51. a5 Rc2 52. Rb6 Ra2
53. a6 Kf7 54. Rb7+ Kg6 55. a7 Kf6 56. Kg3 Ra4 57. Kf3 h5 58. Ke3 g6 59. h4 Kf5
60. Rg7 Kf6 1/2-1/2

[Event "SR 4. liga A21 2011/2012"]
[Site "?"]
[Date "2012.02.12"]
[Round "9.1"]
[White "Bjel, Jan"]
[Black "Vagovic, Milan"]
[Result "1/2-1/2"]
[WhiteElo "1882"]
[BlackElo "1697"]
[PlyCount "88"]
[EventDate "2011.??.??"]

1. e4 e5 2. Nf3 Nf6 3. Bc4 h6 4. O-O d6 5. d3 Bg4 6. Be3 Nc6 7. c3 Be6 8. Bxe6
fxe6 9. Qb3 Qc8 10. Nh4 g5 11. Nf3 b6 12. Nbd2 Qd7 13. d4 exd4 14. Nxd4 Nxd4
15. cxd4 d5 16. Qd3 Qh7 17. Qc3 Qd7 18. Qd3 Qh7 19. Qc2 Qd7 20. e5 Ng8 21. Rfc1
Rc8 22. a3 Ne7 23. Nf1 Nf5 24. b4 g4 25. Ng3 h5 26. Nxf5 exf5 27. Bg5 Bh6 28.
Bxh6 Rxh6 29. Qd3 h4 30. Rc3 f4 31. Qe2 Qf7 32. Rac1 Kd7 33. Qc2 c6 34. Qe2 Rg6
35. b5 f3 36. bxc6+ Rgxc6 37. Qb5 Qg6 38. Rxc6 Rxc6 39. Qxc6+ Qxc6 40. Rxc6
Kxc6 41. gxf3 gxf3 42. Kf1 b5 43. Ke1 a5 44. Kd2 h3 1/2-1/2

[Event "SR 4. liga A21 2011/2012"]
[Site "?"]
[Date "2012.02.12"]
[Round "9.1"]
[White "Bjel, Tomas"]
[Black "Piestansky, Jan"]
[Result "0-1"]
[WhiteElo "1674"]
[BlackElo "1593"]
[PlyCount "74"]
[EventDate "2011.??.??"]

1. e4 e5 2. Nf3 d6 3. h3 h6 4. d4 exd4 5. Nxd4 Nf6 6. Nc3 Bd7 7. Bd3 Be7 8. Be3
a6 9. Qd2 Nc6 10. f4 Nxd4 11. Bxd4 Bc6 12. e5 Nd5 13. O-O-O Nxf4 14. Kb1 Nxd3
15. Qxd3 O-O 16. Qg3 f6 17. e6 Qe8 18. Be3 Kh7 19. Rd4 Qh5 20. Rf1 Qe5 21. Qxe5
fxe5 22. Rdd1 Rxf1 23. Rxf1 Bf6 24. g4 Re8 25. Ne2 Rxe6 26. Ng3 g6 27. h4 Kg7
28. g5 hxg5 29. hxg5 Bd8 30. c4 Re8 31. c5 Rf8 32. Re1 Be7 33. cxd6 cxd6 34.
Bd2 Rf3 35. Ne4 Bxe4+ 36. Rxe4 Rf1+ 37. Kc2 Rf2 0-1